Normal view MARC view

Entry Personal Name

Number of records used in: 2

001 - CONTROL NUMBER

  • control field: 61676

003 - CONTROL NUMBER IDENTIFIER

  • control field: dpl

005 - DATE AND TIME OF LATEST TRANSACTION

  • control field: 20240205171028.0

008 - FIXED-LENGTH DATA ELEMENTS

  • fixed length control field: 240205|| aca||aabn | a|a d

040 ## - CATALOGING SOURCE

  • Original cataloging agency: dpl
  • Transcribing agency: dpl

100 ## - HEADING--PERSONAL NAME

  • Personal name: Benedict Ezeifekwuab Tochukwu

670 ## - SOURCE DATA FOUND

  • Source citation: Work cat.: (dpl)200557: Benedict Ezeifekwuab Tochukwu, CURRENT GLOBAL TREND ON CORPORATE GOVERNANCE:, 2021

© Delhi Public Library
Hit Counter
free hit counter